000 00526 a2200205 4500
041 _aEng
082 _a371.3
_bSt32r
100 _aSteeves, Frank L.
_918165
245 _aReading in the methods of education
260 _aNew York
_bOdyssey Press
_cc1964
300 _axiii, 337p. illus.
504 _aIncludes bibliographies
518 _a2011-02-17
530 _aM
650 _aTeaching methods
_94876
650 _aEducation
650 _aClassrooms
_917382
653 _aEducation-methodology
942 _2ddc
_cGEN
999 _c58293
_d58285